| 000 | 00563cam a22002051 4500 | ||
|---|---|---|---|
| 001 | ne 68002549 | ||
| 003 | DLC | ||
| 005 | 20260227111844.0 | ||
| 008 | 890402s1954 xx 000 0 per | ||
| 010 | _ane 68002549 | ||
| 035 | _a(OCoLC)23556172 | ||
| 040 |
_aDLC _cMiU _dDLC |
||
| 050 | 0 | 0 |
_aDS324.K49 _bK37 1954 |
| 100 | 1 |
_aKasravī, Aḥmad, _d1890 or 1891-1946. _eor 91-1946. |
|
| 245 | 1 | 0 | _aTārīkh-i pānṣad sālah-i Khūzistān. |
| 260 | _c1333 [1954] | ||
| 300 |
_a195 p. _c22 cm. |
||
| 500 | _aRomanized. | ||
| 651 | 0 |
_aKhūzistān (Iran) _xHistory. |
|
| 999 |
_c50553 _d50553 |
||